MDQL
is popping MORE tags! Check the
thread
!
Quizzes
Events
Quiz Creation
Community
Videos
Private Events
Remove Ads
Sign In
Join for FREE
Feedback
Dark Mode
Quiz Categories
Sports
Geography
Music
Movies
Television
Just For Fun
Miscellaneous
History
Literature
Language
Science
Gaming
Entertainment
Religion
Holiday
For Kids
Quiz Lab
Recent
Popular Today
Quiz Kudos Today
Editor Picks
Curator Picks
Quizzes by...
Day
Popularity
Type
Ratings
Length
Year
Community
Subscriptions
Recent Discussions
Orange Saloon
Badges
Playlists
Quests
Create
Leaderboards
Showdown
Live 5
Trivia Bingo
Activity
Puzzle Library
Sporcle Events
Private Events
Virtual Trivia
Globe League
Become a Host
Pub Owners
SporcleCon
Opinionation
Our Games
Videos
Blog
Mobile Apps
Partnerships
Remove Ads and Go Orange
Feedback
Geography
Country
Landmarks
City
State
Population
World
Capital
Continent
Flags
Europe
Africa
Asia
South America
North America
Oceania
Border
Canada
United Kingdom
Topography
United States
Geography
Country
Landmarks
City
State
Population
World
Capital
Continent
Flags
Europe
Africa
Asia
South America
North America
Oceania
Border
Canada
United Kingdom
Topography
United States
Random Quiz
Search Sporcle
×
Quiz Lab
Quiz Lab
Geography
Country
Type in answers that appear in a list
Type in answers that appear in a list
Classic
Best Score? Go Orange.
Consecutive Letter Countries Stats
Can you name the Countries with alphabet-consecutive letters?
By
planetmutty
15m
50 Questions
84 Plays
84 Plays
84 Plays
Comments
Comments
Give Quiz Kudos
Give Quiz Kudos
-
- Ratings
hide this ad
More Info
Replay
Link that replays current quiz
Next Quiz
Link to next quiz in quiz playlist
You Got
0%
They Got
Avg Score
77%
Avg Friend Score
Upgrade to see
Score Distribution
Jump to the score distribution portion of the page
Score
0/50
Timer
15:00
0
Plays Today
Hint
Answer
% Correct
-
ST-
Afghanistan
95.2%
-
GH-
Afghanistan
95.2%
-
FG-
Afghanistan
95.2%
-
ST-
Kyrgyzstan
92.9%
-
YZ-
Kyrgyzstan
92.9%
-
ST-
Turkmenistan
91.7%
-
TU-
Tuvalu
91.7%
-
UV-
Tuvalu
91.7%
-
TU-
Turkmenistan
91.7%
-
NO-
Norway
90.5%
-
ST-
Pakistan
90.5%
-
ST-
Tajikistan
89.3%
-
TU-
Turkiye
88.1%
-
GH-
Ghana
86.9%
-
ST-
Kazakhstan
86.9%
-
ST-
Uzbekistan
86.9%
-
HI-
China
86.9%
-
ST-
United States of America
85.7%
-
IJ-
Fiji
84.5%
-
HI-
Chile
83.3%
-
DE-
Denmark
82.1%
-
NO-
North Korea
81%
-
AB-
United Arab Emirates
81%
-
NO-
North Macedonia
80%
-
ST-
Estonia
79.8%
Hint
Answer
% Correct
-
HI-
Ethiopia
79.8%
-
DE-
Democratic Republic of the Congo
79.8%
-
OP-
Ethiopia
79.8%
-
AB-
Saudi Arabia
77.4%
-
DE-
Sweden
76.3%
-
ST-
Austria
76.2%
-
ST-
Australia
76.2%
-
AB-
Gabon
76.2%
-
TU-
Vanuatu
76.2%
-
HI-
Philippines
75%
-
TU-
Tunisia
75%
-
IJ-
Azerbaijan
72.6%
-
ST-
Costa Rica
71.4%
-
AB-
Zimbabwe
67.9%
-
DE-
Bangladesh
67.9%
-
AB-
Cabo Verde
66.7%
-
NO-
Lebanon
66.7%
-
ST-
Liechtenstein
66.7%
-
RS-
Marshall Islands
66.7%
-
DE-
Cabo Verde
66.7%
-
ST-
Timor-Leste
64.3%
-
ST-
Palestine
59.5%
-
HI-
Czechia
58.3%
-
TU-
Portugal
56%
-
NO-
San Marino
54.8%
Quiz Playlist
Details
Report
Send in Message
Add To Playlist
More Info:
Country names with alphabetically consecutive letters. I.e. if it was EPL clubs, WeST Ham would qualify. 'Saint' abbreviations do not apply.
Classic:
Type in answers that appear in a list
Last Updated: Sep 14, 2017
Quiz Scoreboard
CHALLENGE
Sign Up to Join the Scoreboard
Show All
Scores
Hide
Comments
May contain spoilers
Recently Published
Find the 'City' Movie
by crazypaving
Movies
60s
5x2 Blitz: Bands
by SL_Kpop136
Music
30s
Colored Red Africa Blitz
by spor1
Geography
30s
More to Explore
Quiz From the Vault
Featured Blog Post
14 Easter Pick-up Lines to Find Eggs With
hide this ad
You Might Also Like...
Tags
Country Quiz
Letter Quiz
Consecutive Letter
Today's Top Quizzes in Geography
Browse Geography
hide this ad
Today's Top Quizzes in Country
Browse Country
Top Contributed Quizzes in Geography
1
Countries of the World - No Outlines Minefield
2
Colored Red Europe Blitz I
3
Colored Red Africa Blitz II
4
Colored Red Europe Blitz II
5
Colored Red Africa Blitz III
6
Colored Red Europe Blitz III
7
Colored Red States Blitz I
8
African Flag Reveal XLVI
9
Colored Red States Blitz II
10
Colored Red States Blitz III
Explore More
Trending Topics
Crossword
Marvel
Anime
NBA
Kpop
Disney
Harry Potter
The Office
Soccer
Puzzle
NFL
WWE
Pokémon
Country
Song
hide this ad
More By:
planetmutty
Quiz
Plays
Rating
Category
Featured
Created
'-GUE' Ending Words
9,794
4.75
Language
Feb 15, 2023
-OLA words
2,000
4.86
Language
May 8, 2021
Rolling Stones Songs from their Lyrics
1,435
4.52
Music
Feb 17, 2018
'M' Literature Quiz
1,423
4.72
Literature
Nov 27, 2019
QUE ending words
1,187
5.00
Language
Feb 13, 2023
Go to Creator's Profile
Score Distribution
Quiz Creator Spotlight
planetmutty
Follow
Send a Message
Quizzes Created
-
Created Quiz Play Count
-
More By This Creator
Popular Quizzes Today
1
Colored Red Africa Blitz
2
Find the 'City' Movie
3
Find the US States - No Outlines Minefield
4
5x2 Blitz: Bands
5
The Countries of the World
6
Find the US States
7
Find the Countries of Europe - No Outlines Minefield
8
US States
More Geography Quizzes
Don't Get Me Started - US State Capitals
Curator's Pick
Trending Quizzes
Colored Red Europe Blitz I
Colored Red Europe Blitz II
Colored Red Africa Blitz II
Colored Red Europe Blitz III
Colored Red Africa Blitz III
Recently Updated
How Do You Spell That?
pecheneg
Godzilla Movies
pecheneg
Grab Bag: 4-10 Letters
pecheneg
2024 March Madness Bracket
pecheneg
Famous TV Couples
Peacemaker
Champions League XIs: Real Madrid
pecheneg
Largest US Cities 1790-2010
pecheneg
Rides in Walt Disney World
pecheneg
Most Oscar Losses (Acting)
pecheneg
Beyoncé Albums
pecheneg
Trending Topics
NBA
Harry Potter
Disney
Marvel
Crossword
Kpop
Anime
The Office
Pokémon
Soccer
Country
WWE
Puzzle
Song
NFL
Your Account Isn't Verified!
In order to create a playlist on Sporcle, you need to verify the email address you used during registration. Go to your
Sporcle Settings
to finish the process.
Report this User
Report this user for behavior that violates our
Community Guidelines
.
Details:
Send Report
Go to the Sporcle.com Mobile Site →
Comments